00264nam a2200109Ia 4500082001200000100002400012245005200036260002400088300001000112650001100122650002100133 aRR.0005 aRamakrishna Rao, K. 0aCross cultural study of nocturnal dream content c0bICSSR, New Delhi a349p. aDREAMS aBELIEF AND DOUBT